| 000 | 01031nam a2200265 a 4500 | ||
|---|---|---|---|
| 001 | C00282636c-7 | ||
| 003 | PE-LiUPU | ||
| 005 | 20250602173023.0 | ||
| 007 | ta | ||
| 008 | 100226s1964 per g 00010 spa | ||
| 040 |
_aPE-BnP _bspa _cPE-LiUPU _dPE-LiUPU _erda |
||
| 082 | 0 | 4 |
_a413.1 _223 _bR934d |
| 100 | 1 |
_aRuiz Cardenas, Alberto, _d1916- _eautor. _95307 |
|
| 245 | 1 | 0 |
_aDiccionario sinónimos múltiples / _cAlberto Ruiz Cárdenas. |
| 250 | _aNovena edicion, superior. | ||
| 264 |
_aLima, Perú : _bEDICIONES "MUN" MOVIMIENTO UNIVERSIDAD NUEVA, _c1991. |
||
| 300 |
_a618 p. ; _c22 cm. |
||
| 583 |
_aAdq. _bCompra _c20030609 |
||
| 650 | 1 | 8 | _aEnciclopedias y diccionarios. |
| 650 | 2 | 8 | _aSinónimos. |
| 942 |
_2ddc _cBK |
||
| 980 |
_621515 _aROMINA COBOS Adquisiciones _821515 _gROMINA COBOS Adquisiciones |
||
| 999 |
_c62933 _d62932 |
||